000 00347nam a2200145 i 4500
001 bg
100 1 _aBALESKU, R.
245 0 _aStatičeskaja mechanika zarjażennych častic /
_cR. Balesku.
260 _aMoskva,
_c1967.
040 _cBPK
041 _apol
080 _a533.9+539.12
942 _cKS
008 s pl f |000 0 pol
999 _c12687
_d12687
856 _uhttp://koha.tu.koszalin.pl/cgi-bin/koha/opac-detail.pl?biblionumber=12687
_yKatalog online BPK